| 000 | 00818nam a2200217Ia 4500 | ||
|---|---|---|---|
| 003 | GCL | ||
| 008 | 140319s9999 xx 000 0 ara d | ||
| 040 |
_aGCL / _cGCL |
||
| 082 | 0 | 4 |
_a964.094 _bل ذ |
| 100 | 1 | _aلوران، ايريك | |
| 245 | 1 | 0 |
_aذاكرة ملك : _bالحسن الثانى / _cلوران، ايريك |
| 250 | _aالثانى | ||
| 260 |
_a[S.N] : _bالشركة السعودية للابحاث والنشر ، _c1990 |
||
| 300 |
_a183 ص ؛ _c30 سم |
||
| 490 |
_aكتاب الشرق الاوسط _v0 |
||
| 650 | 0 | 4 | _aالحسن الثانى (1961م) |
| 650 | 0 | 4 | _aالمغرب - تاريخ - العصر الحديث |
| 650 | 0 | 4 | _aالمغرب - تاريخ دستورى |
| 650 | 0 | 4 | _aالمغرب - تاريخ - العصر الحديث- الحسن الثانى(1961) |
| 942 |
_2ddc _cBK |
||
| 999 |
_c5003 _d5003 |
||